[Event "Czech Christmas"]
[Site "Litomysl CZE"]
[Date "2004.12.30"]
[Round "6"]
[White "Novak,Pa"]
[Black "Plachetka,J"]
[Result "0-1"]
[WhiteElo "2338"]
[BlackElo "2435"]

1.e4 c5 2.Nf3 Nc6 3.Bb5 d6 4.d4 cxd4 5.Qxd4 Bd7 6.Bxc6 Bxc6 7.Nc3 Nf6 8.Bg5 e6
9.O-O-O Be7 10.Qd3 O-O 11.Nd4 Rc8 12.f4 Qa5 13.h4 Rfd8 14.f5 e5 15.Bxf6 Bxf6
16.Nb3 Qc7 17.Kb1 b5 18.Nd2 Qb6 19.g4 Qd4 20.g5 Qxd3 21.cxd3 Be7 22.Rc1 f6
23.Rhg1 Kf7 24.Nd5 Bxd5 25.exd5 Rxc1+ 26.Rxc1 fxg5 27.hxg5 Bxg5 28.Rc7+ Kf8
29.Ne4 Be7 30.Kc2 h5 31.Kd2 h4 32.Ke2 Ke8 33.Kf3 Rd7 34.Rc8+ Kf7 35.Rc6 g6
36.f6 Bxf6 37.Nxd6+ Kf8 38.Ne4 Bd8 39.d6 Rf7+ 40.Kg2 Ke8 41.Nc5 g5 42.Rc8 g4
43.d7+ Ke7 44.Rc6 Rf6 45.Rxf6 Kxf6 46.Ne4+ Ke6 47.Nf2 g3 48.Ng4 Bc7  0-1

[Event "Lidums Australian Open"]
[Site "Mount Buller AUS"]
[Date "2004.12.30"]
[Round "3"]
[White "Lugo,R"]
[Black "Wei,M"]
[Result "1/2-1/2"]
[WhiteElo "2058"]
[BlackElo "2090"]

1.e4 c5 2.Nf3 Nc6 3.Bb5 g6 4.Bxc6 dxc6 5.d3 Bg7 6.h3 e5 7.Be3 Qe7 8.Qd2 Nf6
9.Nc3 Nd7 10.Bh6 f6 11.Bxg7 Qxg7 12.Qe3 b6 13.Nd2 Ba6 14.f4 exf4 15.Qxf4 Ne5
16.O-O O-O 17.Nf3 Rae8 18.Nxe5 Rxe5 19.Rf2 g5 20.Qg3 Bc8 21.Raf1 Qe7 22.Nd1 c4
23.Ne3 cxd3 24.cxd3 Be6 25.Nf5 Bxf5 26.Rxf5 Rxf5 27.Rxf5 h6 28.e5 fxe5 29.Rxf8+ Kxf8
30.Qf3+ Kg7 31.Qxc6 h5 32.Qe4 Qc5+ 33.Kh2 Qd6 34.Kg3 Qf6 35.Qf3 Qd6 36.Qe4 Qf6
37.Qf3 Qd6 38.Qe4  1/2-1/2

[Event "34th Rilton Cup"]
[Site "Stockholm SWE"]
[Date "2004.12.30"]
[Round "4"]
[White "Haapasalo,JP"]
[Black "Wikstrom,H"]
[Result "1-0"]
[WhiteElo "2182"]
[BlackElo "2048"]

1.Nf3 c5 2.e4 Nc6 3.Bb5 Qc7 4.Nc3 e6 5.O-O Nf6 6.Re1 a6 7.Bxc6 Qxc6 8.d4 d6
9.e5 Nd5 10.Ne4 b5 11.exd6 Bxd6 12.dxc5 Bxc5 13.Ne5 Qb6 14.Nxc5 Qxc5 15.Qg4 Kf8
16.c4 bxc4 17.b3 c3 18.Qh4 f6 19.Re4 Ne7 20.Nc4 Nf5 21.Qh3 Qc6 22.Ba3+ Kf7
23.Rae1 Rd8 24.Qxc3 Bb7 25.f3 e5 26.Rxe5 Nd4 27.Rc5 Nb5 28.Rxc6 Nxc3 29.Rc7+  1-0

[Event "34th Rilton Cup"]
[Site "Stockholm SWE"]
[Date "2004.12.30"]
[Round "4"]
[White "Dalmau,Ju"]
[Black "Asberg,A"]
[Result "1/2-1/2"]
[WhiteElo "2055"]
[BlackElo "1954"]

1.e4 c5 2.Nf3 Nc6 3.Bb5 Qb6 4.Nc3 e6 5.O-O a6 6.Bxc6 Qxc6 7.d4 cxd4 8.Nxd4 Qc7
9.Re1 Bc5 10.Be3 Ne7 11.Nf3 O-O 12.Bxc5 Qxc5 13.Qd4 Qh5 14.Rad1 f5 15.Qc5 Ng6
16.Ne2 b6 17.Qxb6 fxe4 18.Ng3 Qh6 19.Nxe4 Nf4 20.Nd6 Qg6 21.Nh4 Qg4 22.Kh1 g5
23.f3 Qxh4 24.g3 Qh3 25.gxf4 Qxf3+ 26.Kg1 Qg4+ 27.Kh1 Qf3+ 28.Kg1 a5 29.Nxc8 Raxc8
30.Qb5 Qg4+ 31.Kh1 Rxf4 32.Qd3 h6 33.Qg6+ Kf8 34.Qxh6+ Ke7 35.Qg7+ Rf7 36.Rxd7+ Kxd7
37.Qxf7+ Kd6 38.c3 Rh8 39.Qf2 Rh3 40.Qb6+ Ke7 41.Qb7+ Kd6 42.Qg2 Qh5 43.Qe2 Qf3+
44.Qxf3 Rxf3 45.Kg2 Rd3 46.Kf2 e5 47.Re3 Rd2+ 48.Re2 Rd3 49.Ke1 Ke6 50.Rf2 Rh3  1/2-1/2

[Event "34th Rilton Cup"]
[Site "Stockholm SWE"]
[Date "2004.12.30"]
[Round "4"]
[White "Tocklin,T"]
[Black "Jiretorn,E"]
[Result "0-1"]
[WhiteElo "1969"]
[BlackElo "2145"]

1.e4 c5 2.Nf3 Nc6 3.Bb5 g6 4.O-O Bg7 5.c3 e5 6.d3 Nge7 7.Na3 a6 8.Ba4 b5
9.Bc2 d6 10.Be3 f5 11.exf5 Nxf5 12.Bg5 Bf6 13.Qd2 h6 14.Be3 Bb7 15.d4 cxd4
16.cxd4 Ncxd4 17.Nxd4 exd4 18.Bxf5 gxf5 19.Bxd4 O-O 20.Rae1 Qc7 21.Bxf6 Rxf6
22.Qc2 Qg7 23.f3 Rc8 24.Qb3+ Kh7 25.Re6 Rg8 26.Rf2 Rxe6 27.Qxe6 Qe5 28.Qxe5 dxe5
29.Kf1 e4 30.fxe4 Bxe4 31.Rd2 Rc8 32.Kf2 b4 33.Rd7+ Kg8  0-1

[Event "Open A"]
[Site "Krakow POL"]
[Date "2004.12.31"]
[Round "5"]
[White "Vlassow,V"]
[Black "Czarnota,P"]
[Result "1/2-1/2"]
[WhiteElo "2326"]
[BlackElo "2416"]

1.e4 c5 2.Nf3 Nc6 3.Bb5 e6 4.O-O Nge7 5.c3 a6 6.Ba4 b5 7.Bc2 Bb7 8.Qe2 Ng6
9.a4 b4 10.d4 bxc3 11.bxc3 cxd4 12.cxd4 Nb4 13.Bb3 a5 14.Nc3 Be7 15.Be3 O-O
16.d5 Bf6 17.Bd4 Bxd4 18.Nxd4 Rc8 19.Na2 Na6 20.dxe6 dxe6 21.Nxe6 fxe6 22.Bxe6+ Kh8
23.Bxc8 Qxc8 24.Rac1 Nf4 25.Qb2 Qg4 26.f3 Qg5 27.Rc2 Bxe4 28.Qa3 Qf6 29.Rd2 Bd5
30.Rfd1 Re8 31.Qb2 Qe6 32.Nc3 Qe3+ 33.Rf2 Bc4 34.Qd2 Qe5 35.Ne4 Nb4 36.Qd6 h6
37.Rfd2 Nfd3 38.Qxe5 Rxe5 39.Nd6 Rc5 40.Nxc4 Rxc4 41.Rxd3 Nxd3 42.Rxd3 Rxa4
43.Rd8+ Kh7 44.Ra8 Ra2 45.Ra6 a4 46.h4 h5  1/2-1/2

[Event "Lidums Australian Open"]
[Site "Mount Buller AUS"]
[Date "2004.12.31"]
[Round "4"]
[White "Wallis,C"]
[Black "Pecori,A"]
[Result "1-0"]
[WhiteElo "2051"]
[BlackElo "2115"]

1.e4 c5 2.Nf3 Nc6 3.Bb5 g6 4.Bxc6 bxc6 5.O-O Bg7 6.Re1 e5 7.b4 cxb4 8.a3 bxa3
9.Bxa3 d6 10.d3 Ne7 11.Nbd2 O-O 12.Nc4 c5 13.c3 Be6 14.Qa4 Nc8 15.Reb1 Bxc4
16.Qxc4 Nb6 17.Qa2 Qd7 18.Bc1 h6 19.Be3 Kh7 20.d4 Qc6 21.d5 Qd7 22.Nd2 f5
23.f3 Qf7 24.Rb3 Rfb8 25.Ra3 f4 26.Bf2 Rb7 27.Ra6 Bf6 28.Nb3 Nc8 29.Na5 Rb6
30.Nc4 Rxa6 31.Qxa6 Qc7 32.Rb1 Rb8 33.Rb5 Kg7 34.Kf1 Rxb5 35.Qxb5 Kf8 36.Ke2 Bd8
37.Kd3 Nb6 38.Nxd6 Nd7 39.Nc4 Kg7 40.Qc6 a5 41.Nxa5 Qxa5 42.Qxd7+ Kh8 43.Qe8+ Kh7
44.Qf7+ Kh8 45.Qf8+ Kh7 46.Qxc5 Qa2 47.Qa7+  1-0

[Event "Czech Christmas"]
[Site "Litomysl CZE"]
[Date "2005.01.01"]
[Round "8"]
[White "Schirmbeck,H"]
[Black "Holemar,D"]
[Result "0-1"]
[WhiteElo "2139"]
[BlackElo "2326"]

1.e4 c5 2.Nf3 Nc6 3.Bb5 Na5 4.c3 a6 5.Ba4 b5 6.Bc2 d6 7.d4 Qc7 8.O-O Bb7
9.Bf4 cxd4 10.e5 e6 11.a4 Nc4 12.exd6 Bxd6 13.Bxd6 Qxd6 14.axb5 axb5 15.Rxa8+ Bxa8
16.Nxd4 Qd5 17.f3 Nf6 18.Nxb5 Qc5+ 19.Rf2 O-O 20.b3 Qxb5 21.bxc4 Qxc4 22.Qd3 Qc5
23.Qd4 Qa5 24.Rd2 e5 25.Qe3 g6 26.Re2 Re8 27.c4 Bc6 28.Nd2 Kg7 29.Ne4 Bxe4
30.Bxe4 Rd8 31.Bc2 Re8 32.Be4 Rc8 33.Bd5 Qa1+ 34.Re1 Qa5 35.Qxe5 Re8 36.Qxe8 Nxe8
37.Rxe8 h5 38.h3 Kf6 39.Kh1 Qb4 40.Re4 Kg7 41.Re8 Qa3 42.Rc8 Kh6 43.Re8 Kg5
44.Re4 f6 45.Kh2 Qd6+ 46.g3 Qb8 47.f4+ Kh6 48.Re6 Qb2+ 49.Kg1 Qd2 50.Re8 Kg7
51.Rc8 Qe1+ 52.Kh2 Qf2+ 53.Bg2 g5 54.fxg5 fxg5 55.Rc7+  0-1

[Event "Open A"]
[Site "Krakow POL"]
[Date "2005.01.02"]
[Round "6"]
[White "Barglowski,F"]
[Black "Markiewicz,Ja"]
[Result "1-0"]
[WhiteElo "2335"]
[BlackElo "2249"]

1.e4 c5 2.Nf3 Nc6 3.Bb5 g6 4.O-O Bg7 5.c3 Nf6 6.Re1 O-O 7.d4 cxd4 8.cxd4 d5
9.e5 Ne4 10.Bxc6 bxc6 11.Nbd2 c5 12.dxc5 Nxc5 13.Nb3 Nxb3 14.Qxb3 a5 15.Bg5 h6
16.Bh4 g5 17.Bg3 Bf5 18.h4 Rb8 19.Qa3 Rb4 20.hxg5 hxg5 21.Nxg5 e6 22.Nf3 Qb6
23.Rad1 Rc8 24.Rc1 Ra8 25.Bh4 Bf8 26.Qc3 Rg4 27.Nh2 Bb4 28.Qf3 Rg6 29.Re2 Rb8
30.Bf6 Bf8 31.Rc3 Qd4 32.Qe3 Qd1+ 33.Re1 Qh5 34.Nf1 Qg4 35.Qg3 Bb4 36.Qh2 Kf8
37.Rg3 Bxe1 38.Rxg4 Rxg4 39.Qh8+ Rg8 40.Qh6+ Ke8 41.Qc1 Bb4 42.Qc6+ Kf8 43.a3 Be4
44.Ng3 Bxa3 45.bxa3 Rb1+ 46.Kh2  1-0

[Event "Czech Christmas"]
[Site "Litomysl CZE"]
[Date "2005.01.02"]
[Round "9"]
[White "Karlik,V"]
[Black "Vales,V"]
[Result "1-0"]
[WhiteElo "2332"]
[BlackElo "2194"]

1.e4 c5 2.Nf3 Nc6 3.Bb5 Na5 4.c3 a6 5.Be2 Qc7 6.d4 d6 7.O-O e5 8.b4 Nc6 9.bxc5 dxc5
10.Nxe5 Nxe5 11.dxe5 Qxe5 12.f4 Qc7 13.c4 f6 14.Nc3 Be6 15.Nd5 Qf7 16.Qa4+ Kd8
17.Qa5+ Kc8 18.Nb6+ Kb8 19.f5  1-0

[Event "Michael Franett Mem"]
[Site "San Francisco USA"]
[Date "2005.01.02"]
[Round "1"]
[White "Ganbold,O"]
[Black "Aigner,M USA"]
[Result "1-0"]
[WhiteElo "2382"]
[BlackElo "2263"]

1.e4 c5 2.Nf3 Nc6 3.Bb5 g6 4.Bxc6 dxc6 5.h3 Bg7 6.d3 Nf6 7.O-O Nd7 8.Nc3 e5
9.Be3 Qe7 10.Qd2 f6 11.Na4 b6 12.a3 a5 13.b4 axb4 14.axb4 cxb4 15.Nxb6 Nxb6
16.Bxb6 Rb8 17.Qe3 Bf8 18.Ra7 Bb7 19.Nd2 Qd7 20.f4 Bh6 21.Qc5 exf4 22.Nc4 Bf8
23.Qa5 Qc8 24.Rxf4 Kf7 25.Bd4  1-0

[Event "34th Rilton Cup"]
[Site "Stockholm SWE"]
[Date "2005.01.02"]
[Round "6"]
[White "Kosmo,S"]
[Black "Jansson,A"]
[Result "1-0"]
[WhiteElo "2206"]
[BlackElo "2128"]

1.e4 c5 2.Nf3 Nc6 3.Bb5 g6 4.O-O Bg7 5.c3 Nf6 6.Qa4 O-O 7.d4 d5 8.Bxc6 dxe4
9.Ne5 bxc6 10.Qxc6 Qd5 11.Qxc5 Qxc5 12.dxc5 Ba6 13.Re1 Rfd8 14.Nc6 Rd7 15.Nd4 e5
16.Nb3 Rad8 17.N1d2 Bd3 18.h3 Bf8 19.g4 h6 20.Nf1 Nd5 21.Ng3 f5 22.gxf5 gxf5
23.Nxf5 Rf7 24.Ng3 Nf4 25.Bxf4 Rxf4 26.Rad1 Rc8 27.Nd2 Bxc5 28.Ndxe4 Bc4
29.Nxc5 Rxc5 30.Rd8+ Kg7 31.Rd7+ Rf7 32.Nf5+ Kf6 33.Rxf7+ Kxf7 34.Nxh6+ Kg6
35.Ng4 Bxa2 36.Rxe5 Rc7 37.Kg2 Rb7 38.b4 Rc7 39.Re3 Bd5+ 40.Kg3  1-0

[Event "Open A"]
[Site "Krakow POL"]
[Date "2005.01.03"]
[Round "8"]
[White "Barglowski,F"]
[Black "Jakubiec,A"]
[Result "1/2-1/2"]
[WhiteElo "2335"]
[BlackElo "2565"]

1.e4 c5 2.Nf3 Nc6 3.Bb5 g6 4.O-O Bg7 5.c3 Nf6 6.Re1 O-O 7.d4 d5 8.exd5 Qxd5
9.c4 Qd6 10.dxc5 Qxd1 11.Rxd1 Bg4 12.Bxc6 bxc6 13.Nc3 Rab8 14.Na4 Nh5 15.a3 Be6
16.Be3 Rfd8 17.Nd4 Bxd4 18.Rxd4 Rxd4 19.Bxd4 Rd8 20.Rd1 Bxc4 21.Nc3 Bb3 22.Rd2 Nf4
23.g3 e5 24.Be3 Rxd2 25.Bxd2 Nd3 26.Ne4 Nxb2 27.Nd6 Be6 28.Bc3 Nd3 29.Kf1 f6
30.Ne4 Kf7 31.Ke2 Nc1+ 32.Ke3 Bd5 33.Nd2 Ke6 34.Bb2 Nb3 35.Nxb3 Bxb3 36.f4 Kf5
37.fxe5 fxe5 38.Kd3 Ba4 39.Bc1 Bb5+ 40.Kc3 Ke4 41.Bg5 Kf3 42.Kd2 Kg2 43.Bf6 e4
44.Ke3 Kxh2 45.g4 Bd3 46.g5 Kg3 47.a4 Kg4 48.a5 Kf5 49.Bd8 Ke5 50.Bc7+ Kf5
51.Bd8 Bb5 52.Be7 Ke6 53.Bd6 Bd3 54.Bc7 Bb1 55.Bd8 Kf5 56.Be7 Kg4 57.Bd8 Kh5
58.Kf4 Bd3 59.Be7 h6 60.gxh6 Kxh6 61.Bg5+ Kg7 62.Ke5 Kf7 63.Kd6 Bb5 64.Ke5 Ke8
65.Kxe4 Kd7 66.Ke5 Kc8 67.Kd4 Bf1 68.Bf4 Bg2  1/2-1/2

[Event "XI Open A"]
[Site "Bosnjaci CRO"]
[Date "2005.01.04"]
[Round "2"]
[White "Predojevic,B"]
[Black "Saric,Ib"]
[Result "1-0"]
[WhiteElo "2509"]
[BlackElo "2441"]

1.e4 c5 2.Nf3 Nc6 3.Bb5 g6 4.O-O Bg7 5.Re1 e5 6.Bxc6 bxc6 7.c3 Ne7 8.d4 cxd4
9.cxd4 exd4 10.Nxd4 O-O 11.Nc3 Rb8 12.Nb3 d5 13.Be3 dxe4 14.Nxe4 Qxd1 15.Raxd1 Be6
16.Bxa7 Rb7 17.Bc5 Bxb3 18.axb3 Ra8 19.Nd6 Rc7 20.Nc4 Nd5 21.Ra1 Rxa1 22.Rxa1 h5
23.Ra8+ Kh7 24.g3 h4 25.Kf1 hxg3 26.hxg3 Nf6 27.Ra7 Rxa7 28.Bxa7 Ne4 29.Ke2 f5
30.Kd3 Bf8 31.Be3 g5 32.Ne5 Bc5 33.f3 Bxe3 34.fxe4 Bf2 35.exf5 Bxg3 36.Ke4 c5
37.Kd5 Kg7 38.Ng4 Bf4 39.Kxc5 Bc1  1-0

[Event "1st GM"]
[Site "Mataro ESP"]
[Date "2005.01.04"]
[Round "8"]
[White "Barrientos,S"]
[Black "Fluvia Poyatos,J"]
[Result "1/2-1/2"]
[WhiteElo "2435"]
[BlackElo "2467"]

1.e4 c5 2.Nf3 Nc6 3.Bb5 g6 4.Bxc6 dxc6 5.h3 Bg7 6.d3 Nf6 7.Nc3 O-O 8.Be3 b6
9.Qd2 e5 10.Bh6 Qd6 11.g4 a5 12.Ne2 Ne8 13.Ng3 Qf6 14.Nh4 Bxh6 15.Qxh6 Qg7
16.Qe3 Nc7 17.Rg1 Ne6 18.Nhf5 gxf5 19.gxf5 Nf4 20.Kd2 Kh8 21.Ne2 Qh6 22.Rg4 Rg8
23.Nxf4 Rxg4 24.hxg4 Qxf4 25.Qxf4 exf4 26.Ke2 Ba6 27.Kf3 Rd8 28.b3 a4 29.Kxf4 Kg7
30.g5 a3 31.Rh1 b5 32.Rh6 Bb7 33.Rh3 b4 34.Ke5  1/2-1/2

[Event "ch-FENACH"]
[Site "Santiago CHI"]
[Date "2005.01.04"]
[Round "1"]
[White "Llorens,M"]
[Black "Arancibia,E"]
[Result "1/2-1/2"]
[WhiteElo "2418"]
[BlackElo "2364"]

1.e4 c5 2.Nf3 Nc6 3.Bb5 e6 4.O-O Nge7 5.c3 a6 6.Ba4 b5 7.Bc2 c4 8.b3 Bb7
9.Qe2 Na5 10.d4 cxd3 11.Bxd3 Ng6 12.b4 Nc6 13.a4 bxa4 14.Rxa4 a5 15.b5 Nce5
16.Nxe5 Nxe5 17.Bf4 Ng6 18.Bg3 h5 19.h3 e5 20.Nd2 Bc5 21.Kh1 d6 22.f4 exf4
23.Bxf4 Qf6 24.e5 Nxf4 25.Raxf4 Qxe5 26.Qxe5+ dxe5 27.Rxf7 O-O-O 28.Bf5+ Kb8
29.Nc4 Bd5 30.Nxe5 Bxf7 31.Nxf7 Rhf8 32.Nxd8 Rxd8 33.Be6 h4 34.Bc4 a4 35.Rb1 Kb7
36.Rf1 a3 37.g3 hxg3 38.Rf7+ Kb6 39.Rxg7 Rd1+ 40.Kg2 Bd6 41.Rg6 Kc5 42.Bg8 Kxb5
43.Rg5+ Kc6 44.h4 Rd2+ 45.Kf3 Rf2+ 46.Ke3 a2 47.Bd5+ Kb6 48.Bxa2 Rxa2 49.h5 Rh2
50.Rg6 Kc6 51.h6 Kd5 52.Kf3 Be5 53.c4+ Kxc4 54.Ke4 Bb8 55.Rg8 Re2+ 56.Kf3 Rf2+
57.Ke4 Rf4+ 58.Ke3 Be5 59.Rxg3 Rh4 60.Rg6 Kd5 61.Kf3 Rf4+ 62.Ke3 Rf1 63.Ra6 Bd4+
64.Ke2 Rf2+ 65.Kd3 Rf3+ 66.Ke2 Rh3 67.Rg6 Be5 68.Kf2 Ke4 69.Kg2 Rh2+ 70.Kg1 Bf4
71.Ra6 Kf3 72.Ra3+ Kg4 73.Ra6 Rh5 74.Kg2 Bxh6 75.Rg6+ Bg5 76.Rg8 Rh7 77.Rg6 Rc7
78.Kf2 Rc2+ 79.Ke1 Kf5 80.Rg8 Be3 81.Kd1 Rh2 82.Ke1 Ke4 83.Kd1 Kd3 84.Rd8+ Bd4
85.Re8 Rh6 86.Re7 Rh8 87.Re6 Bc5 88.Re5 Ra8 89.Rxc5  1/2-1/2

[Event "34th Rilton Cup"]
[Site "Stockholm SWE"]
[Date "2005.01.04"]
[Round "8"]
[White "Nyland,T"]
[Black "Palmblad,J"]
[Result "1-0"]
[WhiteElo "2008"]
[BlackElo "2148"]

1.e4 c5 2.Nf3 Nc6 3.Bb5 g6 4.Bxc6 bxc6 5.d3 Bg7 6.Nc3 d5 7.O-O e5 8.exd5 cxd5
9.Nxe5 Bxe5 10.Re1 f6 11.f4 Ne7 12.fxe5 f5 13.Nb5 Be6 14.Nd6+ Kd7 15.c3 Qb6
16.Qa4+ Qc6 17.Qd1 Rab8 18.b3 d4 19.c4 h6 20.Ba3 Nc8 21.Qd2 Nxd6 22.exd6 Qxd6
23.Qa5 Rbc8 24.Qxa7+ Rc7 25.Qa5 Rb8 26.Re2 Bf7 27.Rae1 Re8 28.Rxe8 Bxe8 29.Qb5+ Qc6
30.Qxc6+ Rxc6 31.Re5 Ra6 32.Bxc5 Rxa2 33.b4 Rd2 34.Rd5+ Kc7 35.Bxd4 Bc6 36.Be5+ Kb7
37.Rd6 Rxg2+ 38.Kf1 Bf3 39.b5 Rc2 40.Rd7+  1-0

[Event "Michael Franett Mem"]
[Site "San Francisco USA"]
[Date "2005.01.05"]
[Round "4"]
[White "Thornally,F"]
[Black "Batchimeg,T"]
[Result "0-1"]
[WhiteElo "2261"]
[BlackElo "2205"]

1.e4 c5 2.Nf3 Nc6 3.Bb5 g6 4.O-O Bg7 5.c3 Nf6 6.Re1 O-O 7.d4 d5 8.exd5 Qxd5
9.c4 Qd6 10.d5 Nd4 11.Nxd4 cxd4 12.Nd2 a6 13.Ba4 b5 14.Bb3 Bb7 15.Qf3 e6
16.cxb5 axb5 17.Ne4 Nxe4 18.Qxe4 Rfd8 19.Bg5 Rd7 20.Qd3 Bxd5 21.Qxb5 Rb7
22.Qd3 Bxb3 23.axb3 Rab8 24.Ra3 Qd5 25.Bf4 Rxb3 26.Rxb3 Qxb3 27.Qe4 Rc8 28.Be5 Bxe5
29.Qxe5 Qxb2 30.h4 Qc3 31.Rd1 d3 32.Qd6 Rc4 33.Rxd3 Qe1+ 34.Kh2 Rxh4+ 35.Kg3 Qe4
36.Qd8+ Kg7 37.Qxh4 Qxd3+ 38.f3 Qe3 39.Qe7 h5 40.Qd8 Qe1+ 41.Kh2 h4 42.Qd3 Qg3+
43.Kh1 e5 44.Qc3 Kh7 45.Qd3 h3 46.gxh3 Qxh3+ 47.Kg1 Qg3+ 48.Kf1 Kh6 49.Qd5 Qf4
50.Kg2 Kg5 51.Qd8+ f6 52.Qe7 Qd2+ 53.Kg3 Qe1+ 54.Kg2 Qd2+ 55.Kg3 Kf5 56.Qh7 Qf4+
57.Kg2 e4 58.fxe4+ Qxe4+ 59.Kg3 Qf4+ 60.Kg2 Kg5 61.Qe7 Kh5 62.Qh7+ Qh6 63.Qe7 Qg5+
64.Kh3 Qg4+ 65.Kh2 Qf4+ 66.Kh3 Qg4+ 67.Kh2 Qf3 68.Qh7+ Kg5 69.Qe7 Kg4 70.Qe6+ Kh5
71.Qf7 f5 72.Qh7+ Kg5 73.Qe7+ Kg4 74.Qe6 g5 75.Qd7 Qf2+ 76.Kh1 Kg3 77.Qd6+ f4
78.Qxf4+ Qxf4  0-1

[Event "XI Open A"]
[Site "Bosnjaci CRO"]
[Date "2005.01.06"]
[Round "5"]
[White "Nevednichy,V"]
[Black "Polajzer,D"]
[Result "1-0"]
[WhiteElo "2552"]
[BlackElo "2382"]

1.e4 c5 2.Nf3 Nc6 3.Bb5 Nf6 4.Nc3 g6 5.O-O Bg7 6.h3 O-O 7.Re1 Ne8 8.d3 Nc7
9.Bc4 Nd4 10.Nxd4 cxd4 11.Ne2 b5 12.Bb3 Bb7 13.Bd2 a5 14.a4 b4 15.Qc1 d5
16.Bh6 dxe4 17.dxe4 e5 18.c3 bxc3 19.bxc3 Rb8 20.cxd4 Bxe4 21.Bxg7 Kxg7 22.Qe3 exd4
23.Qxe4 Rxb3 24.Nxd4 Re8 25.Qc2 Rxe1+ 26.Rxe1 Rb6 27.Nc6 Qf6 28.Nxa5 Rb2
29.Qc5 Ne6 30.Qe3 Ra2 31.Nc4 Rxa4 32.Nd6 Qd4 33.Qb3 Ra5 34.Qf3 Ra7 35.Rd1 Qe5
36.Ne8+  1-0

[Event "XI Open A"]
[Site "Bosnjaci CRO"]
[Date "2005.01.07"]
[Round "7"]
[White "Leventic,I"]
[Black "Feletar,D"]
[Result "1-0"]
[WhiteElo "2502"]
[BlackElo "2402"]

1.e4 c5 2.Nf3 Nc6 3.Bb5 g6 4.Bxc6 bxc6 5.O-O Bg7 6.Re1 Nh6 7.c3 O-O 8.d4 cxd4
9.cxd4 d6 10.Nc3 f6 11.b3 Nf7 12.Bb2 Bd7 13.Qd3 Re8 14.Rad1 Qa5 15.h3 Rad8
16.Qc4 e6 17.Kh1 Rc8 18.Qe2 e5 19.dxe5 fxe5 20.Nd2 Be6 21.Nc4 Qc7 22.Ba3 Red8
23.Bb4 Rd7 24.Ne3 Qb6 25.Ba3 Qa5 26.Na4 Rb8 27.Nc4 Qd8 28.Rc1 Qh4 29.Rc3 Rf8
30.Kg1 Rfd8 31.Nd2 c5 32.Nf3 Qf6 33.Bc1 g5 34.Nh2 Qg6 35.Rg3 h6 36.Nc3 Rf8
37.Rd1 Kh7 38.Nd5 Bh8 39.h4 Rg8 40.h5 Qg7 41.Ng4 Bxd5 42.exd5 Rf8 43.Rf3 Nd8
44.Rxf8 Qxf8 45.Qe4+ Kg8 46.Qg6+ Bg7 47.Nxh6+ Kh8 48.Bxg5 Bxh6 49.Bxh6 Qf7
50.Qg4 Qh7 51.Bg5 Qf7 52.Bf6+ Kh7 53.Qf5+ Kh6 54.Rd3  1-0

[Event "Michael Franett Mem"]
[Site "San Francisco USA"]
[Date "2005.01.08"]
[Round "7"]
[White "Stein,Alex"]
[Black "Yap,N"]
[Result "0-1"]
[WhiteElo "2362"]
[BlackElo "2189"]

1.e4 c5 2.Nf3 Nc6 3.Bb5 g6 4.O-O Bg7 5.Bxc6 dxc6 6.d3 Nf6 7.a4 a5 8.Na3 O-O
9.Nc4 Nd7 10.Bd2 b6 11.Qc1 e5 12.Bh6 f6 13.c3 Qe7 14.Re1 Rd8 15.b3 Rb8 16.d4 cxd4
17.cxd4 exd4 18.e5 Bxh6 19.Qxh6 Bb7 20.exf6 Qxf6 21.Ng5 Nf8 22.Ne4 Qg7 23.Qf4 c5
24.Nf6+ Kh8 25.Nd6 g5 26.Qe5 Ng6 27.Qe6 Rf8 28.Nd7 Bd5 29.Qxd5 Qxd7 30.Re6 Rbd8
31.Rae1 Nf4 32.Qe5+ Qg7 33.Qxg7+ Kxg7 34.Re7+ Kg8 35.Ne4 h6 36.Rb7 Nd5 37.f3 Rf7
38.Rxf7 Kxf7 39.Kf2 Nf4 40.Rh1 Kg6 41.h4 Nd3+ 42.Kg3 Rc8 43.h5+ Kg7 44.Nd6 Rc6
45.Nf5+ Kf7 46.Rd1 Nf4 47.Kg4 Nxg2 48.Rg1 Ne3+ 49.Nxe3 dxe3 50.f4 gxf4 51.Kxf4 Re6
52.Kf3 e2 53.Re1 Kf6 54.Kf2 Kg5 55.Rg1+ Kxh5 56.Ke1 Kh4 57.Rh1+ Kg5 58.Rg1+ Kf6
59.Rh1 Kg7 60.Rg1+ Rg6 61.Rh1 Rg3 62.Kxe2 Rxb3 63.Rd1 Rb4 64.Rd6 h5  0-1

[Event "ch-FENACH"]
[Site "Santiago CHI"]
[Date "2005.01.08"]
[Round "9"]
[White "Sepulveda,Jor"]
[Black "Rios Escobar,A"]
[Result "0-1"]
[WhiteElo "2270"]
[BlackElo "2235"]

1.e4 c5 2.Nf3 Nc6 3.Bb5 g6 4.c3 Nf6 5.e5 Nd5 6.d4 cxd4 7.O-O Bg7 8.cxd4 O-O
9.Nc3 Nc7 10.Bg5 a6 11.Ba4 b5 12.Bc2 d5 13.h3 Re8 14.Qd2 Rb8 15.Rac1 Be6
16.Ne2 Qd7 17.Qf4 Rf8 18.Qh4 f6 19.exf6 exf6 20.Bf4 Rbc8 21.Rfe1 Ne8 22.Qg3 Nd8
23.a4 Nf7 24.axb5 axb5 25.Nc3 Ned6 26.Nd2 Bf5 27.Bd1 b4 28.Ba4 Qd8 29.Nxd5 Rxc1
30.Rxc1 Ne4 31.Bb3 Nxg3  0-1

[Event "XXX Open"]
[Site "Seville ESP"]
[Date "2005.01.08"]
[Round "2"]
[White "Campora,D"]
[Black "Draghici,G"]
[Result "1-0"]
[WhiteElo "2549"]
[BlackElo "2038"]

1.e4 c5 2.Nf3 Nc6 3.Bb5 e6 4.O-O Nge7 5.Re1 Ng6 6.c3 a6 7.Bxc6 bxc6 8.e5 f6
9.d4 cxd4 10.cxd4 Be7 11.Nc3 O-O 12.Ne4 fxe5 13.dxe5 Qc7 14.Bg5 Bb4 15.Re3  1-0

[Event "TCh-BEL 2004-5"]
[Site "Belgium BEL"]
[Date "2005.01.09"]
[Round "6"]
[White "Van den Brande,W"]
[Black "Pucher,O"]
[Result "1/2-1/2"]
[WhiteElo "2241"]
[BlackElo "2303"]

1.e4 c5 2.Nf3 Nc6 3.Bb5 g6 4.O-O Bg7 5.Re1 e5 6.Bxc6 dxc6 7.d3 Qe7 8.Bd2 Nf6
9.Bc3 Nh5 10.Nbd2 O-O 11.a3 f6 12.b4 Rd8 13.Qc1 Nf4 14.Qb2 Be6 15.bxc5 Qxc5
16.Nb3 Qe7 17.a4 b6 18.Nbd2 g5 19.Nf1 Qf7 20.Ng3 c5 21.a5 Rab8 22.axb6 axb6
23.h3 b5 24.Ra6 b4 25.Bd2 c4 26.dxc4 Bxc4 27.Rc6 Bb5 28.Rc5 Bf8 29.Nf5 Ne6
30.Rd5 Bc6 31.Rxd8 Nxd8 32.Nh2 Ne6 33.Ng4 Qg6 34.Qb3 Bd7 35.Ra1 h5 36.Ngh6+ Kh8
37.Ra7 Bxh6 38.Rxd7 Nc5 39.Qd5 Nxd7 40.Qxd7 Bf8 41.Be3 Qe8 42.Qd5 Rd8 43.Qb3 Rd7
44.Kh2 Kh7 45.Qa4 Qf7 46.Bb6 Qe6 47.Be3 Rc7 48.Qa8 Qc8 49.Qd5 Qd7 50.Qa8 Rc8
51.Qa2 Bc5 52.Bxc5 Rxc5 53.Qb3 Rb5 54.h4 Rb7  1/2-1/2

[Event "ch-FENACH"]
[Site "Santiago CHI"]
[Date "2005.01.09"]
[Round "11"]
[White "Arancibia,E"]
[Black "Rios Escobar,A"]
[Result "1-0"]
[WhiteElo "2364"]
[BlackElo "2235"]

1.e4 c5 2.Nf3 Nc6 3.Bb5 g6 4.Bxc6 dxc6 5.d3 Bg7 6.h3 Nf6 7.Nc3 O-O 8.Be3 b6
9.Qd2 Ne8 10.O-O-O Nc7 11.Bh6 b5 12.h4 Bg4 13.h5 gxh5 14.Bxg7 Kxg7 15.Nh4 Bxd1
16.Nf5+ Kh8 17.Qxd1 Ne8 18.e5 Ng7 19.Nxg7 Rg8 20.Nf5 e6 21.Qxh5 Qg5+ 22.Ne3 Rg7
23.Qxg5 Rxg5 24.f4 Rg3 25.Kd2 c4 26.Ne4 Rg7 27.dxc4 Rd8+ 28.Kc3 a5 29.cxb5 cxb5
30.Nf6  1-0

[Event "Michael Franett Mem"]
[Site "San Francisco USA"]
[Date "2005.01.10"]
[Round "9"]
[White "Ganbold,O"]
[Black "Batchimeg,T"]
[Result "1/2-1/2"]
[WhiteElo "2382"]
[BlackElo "2205"]

1.e4 c5 2.Nf3 Nc6 3.Bb5 g6 4.Bxc6 dxc6 5.h3 Bg7 6.O-O Nf6 7.d3 Nd7 8.Nc3 e5
9.Be3 b6 10.Qd2 Qe7 11.Bh6 f6 12.Bxg7 Qxg7 13.Nh2 O-O 14.f4 exf4 15.Qxf4 Ne5
16.Nf3 Nxf3+ 17.Rxf3 Be6 18.Raf1 f5 19.Kh1 Rae8 20.a3 Qd7 21.Qh6 Qg7 22.Qxg7+ Kxg7
23.Ne2 Rf7 24.Kg1 fxe4 25.dxe4 Rxf3 26.Rxf3 Bc4 27.Ng3 Rd8 28.Rc3 Ba6 29.Kf2 Rd2+
30.Kf3 Kf6 31.b4 Ke5 32.bxc5 Kd4 33.Re3 Ke5 34.cxb6 axb6 35.Rc3 Bb5 36.Nh1 Kd4
37.Re3 Rxc2 38.e5 Rc3 39.Rxc3 Kxc3 40.Nf2 Kd4 41.Ng4 h5 42.Nf6 Kxe5 43.Nd7+ Kd6
44.Nf8 Bd3 45.Ke3 Bb1 46.Nh7 c5 47.Ng5 Kd5 48.g4 hxg4 49.hxg4 Kc4 50.Nf3 Kc3
51.Ne5 b5  1/2-1/2

[Event "Michael Franett Mem"]
[Site "San Francisco USA"]
[Date "2005.01.12"]
[Round "11"]
[White "Stein,Alex"]
[Black "Batchimeg,T"]
[Result "1-0"]
[WhiteElo "2362"]
[BlackElo "2205"]

1.e4 c5 2.Nf3 Nc6 3.Bb5 g6 4.O-O Bg7 5.d3 Nf6 6.Nc3 O-O 7.Be3 b6 8.h3 Ne8
9.d4 cxd4 10.Nxd4 Bb7 11.Re1 Nd6 12.Bf1 Nxd4 13.Bxd4 e5 14.Bc5 bxc5 15.Qxd6 Qb6
16.Qxb6 axb6 17.Red1 Bc6 18.a4 Ra5 19.Bc4 Rfa8 20.b3 Kf8 21.Rab1 f5 22.Bd5 Ke7
23.Rd3 fxe4 24.Nxe4 Bxd5 25.Rxd5 c4 26.bxc4 Rxd5 27.cxd5 Rxa4 28.f3 Bh6 29.Rb3 Rd4
30.d6+ Ke6 31.Kf2 Rc4 32.Rxb6 Rxc2+ 33.Kf1 Rc1+ 34.Ke2 Bf8 35.Ng5+ Kd5 36.Nxh7 Bxd6
37.Nf6+ Ke6 38.Ne4 Rc6 39.Rxc6 dxc6 40.Nxd6 Kxd6 41.h4 Kd5 42.Ke3 c5 43.g4 c4
44.h5 gxh5 45.gxh5 Ke6 46.Kd2 Kf6 47.Kc3 Kg5 48.Kxc4 Kxh5 49.Kd5 Kg6 50.Kxe5 Kg7
51.Ke6  1-0

[Event "Extraliga CZE 2004-5"]
[Site "Czech Rep CZE"]
[Date "2005.01.15"]
[Round "5"]
[White "Suran,J"]
[Black "Kulhanek,T"]
[Result "0-1"]
[WhiteElo "2394"]
[BlackElo "2370"]

1.e4 c5 2.Nf3 Nc6 3.Bb5 d6 4.Bxc6+ bxc6 5.O-O Bg4 6.h3 Bh5 7.d3 e5 8.Nbd2 Be7
9.Nc4 Nf6 10.Ne3 O-O 11.Nf5 Ne8 12.c3 Bg6 13.Re1 Bxf5 14.exf5 Qd7 15.d4 cxd4
16.cxd4 exd4 17.Qxd4 Bf6 18.Qd3 Rb8 19.Rb1 Rb5 20.g4 h6 21.b3 Rd5 22.Qc4 Rc5
23.Qe2 Nc7 24.Be3 Rc3 25.Rbc1 Nd5 26.Rxc3 Nxc3 27.Qc2 c5 28.h4 Qb7 29.g5 Qxf3
30.gxf6 Qg4+ 31.Kf1 Qh3+ 32.Kg1 Re8 33.Qxc3 Re4 34.Bf4 Qxc3 35.Rxe4 Qxf6
36.Ra4 d5 37.Rxa7 Qxf5 38.Bg3 d4 39.Kh2 Kh7 40.Ra4 Qc2 41.Kg2 d3 42.Bf4 d2
43.Bxd2 Qxd2 44.Re4 g5 45.hxg5 hxg5 46.Rc4 Qxa2 47.Rxc5 Kg6 48.Rc3 f5 49.Rf3 g4
50.Rg3 Kg5  0-1

[Event "Extraliga CZE 2004-5"]
[Site "Czech Rep CZE"]
[Date "2005.01.15"]
[Round "5"]
[White "Vavra,P1"]
[Black "Stehno,P"]
[Result "1/2-1/2"]
[WhiteElo "2390"]
[BlackElo "2319"]

1.e4 c5 2.Nf3 Nc6 3.Bb5 d6 4.O-O Bd7 5.Re1 Nf6 6.h3 a6 7.Bd3 g5 8.e5 dxe5
9.Nxe5 Nxe5 10.Rxe5 g4 11.Bf5 Rg8 12.hxg4 Nxg4 13.Rd5 Nf6 14.Bxd7+ Nxd7 15.d4 e6
16.Rh5 cxd4 17.Qxd4 Bc5 18.Qf4 Rc8 19.Nc3 Nf6 20.Rh3 Ng4 21.Be3 Nxe3 22.fxe3 Qd2
23.Qe4 Bxe3+ 24.Rxe3 Rxg2+ 25.Qxg2 Qxe3+ 26.Qf2 Qg5+ 27.Qg2 Qe3+ 28.Qf2 Qg5+
29.Qg2  1/2-1/2